01474nam a2200361 a 4500001001000000003000500010005001700015008004100032010001100073011001100084040000900095090001000104100003300114245012400147260004100271500006000312502007500372590004000447590004000487590004000527650003200567650002100599650003100620650003700651650003600688856007000724901000700794942001000801942000600811999001900817952013600836952014000972000112321CHAP20220329144257.0160302s2016 mx a fsm |||||||spa d a108782 a109754 cCHAP aTesis1 aMora Acosta, Claudia913055110aManual de procedimientos para la engorda de bovinos en corrales Tierra Blanca /h[En línea]cpor Claudia Mora Acosta. aChapingo, Méx. :bEl autor,c2016. aPara ver el contenido del material haga clic en la liga aTesis (Ing. Agr. Esp. en Zootecnia) -- UACH. Departamento de Zootecnia aE5995AHEb05c20160302lUCH01h0942 aE5995AHEb05c20160302lUCH01h0947 aE5995AHEb05c20160302lUCH01h134214aCarnexProducción.91910914aCorrales.92819514aEmpresaszVeracruz.93664814aGanado de carnexEngorda.94508114aGanado vacunozVeracruz.945534 aFinding aiduhttp://10.13.5.2/tesis/sist112321.pdfzTeclea aquí aBK cTESIS n0 c108782d108782 00104054718TESISaBCbBCd2016-03-02fTESISl0oTesisp33724002518587r2019-12-31 00:00:00w2019-12-31yTESISzRecien adquirido 00102local4053708TESISaBCbBCcPA_TESISd2016-03-02fTESISl0oTesisp33724002518629r2019-12-31 00:00:00tc.2w2019-12-31yTESIS